000 00532nam a22001937a 4500
003 KOHA_MİRAKIL
005 20250417154145.0
008 250417b tu ||||| |||| 00| 0 tur d
020 _a9786258475999
040 _aTR-AnABB
_btur
_cTR-AnABB
041 _atur
082 _a813.42
_bGER 2022
100 1 _aGerger, Adnan,
245 1 0 _aTavhane çocukları /
_cAdnan Gerger
260 _aİstanbul :
_bİthaki Yayınları,
_c2022
300 _a166 sayfa ;
_c20 cm
650 0 4 _aTürk edebiyatı, roman
942 _2ddc
_cBK
999 _c8753
_d8753
900 _bGizem YORULMAZ